000 00423nam a22001697a 4500
003 NUST - PNEC
005 20170116180958.0
008 150831b xxu||||| |||| 00| 0 eng d
020 _a9812406204
040 _cLIBRARY
082 _a621.3822 WHI
100 _99354
_aWhite, Steve
245 _aDigital signal processing
_cSteve White
260 _cc.2000
650 _96100
_aDigital electronics
_xME
942 _2ddc
_cBK
999 _c66599
_d66599